Independencia de Centro América /
Trata sobre la independencia de Centroamérica, sobre el movimiento emacipador, y el movimiento para la autonomía e independencia. Detalla aspecto sobre el movimiento en los diferentes países de América Central, pero especialmente en El Salvador, donde existián dos tendencias políticas: la conservado...
Na minha lista:
| Autor principal: | |
|---|---|
| Formato: | Livro |
| Idioma: | Spanish |
| Assuntos: | |
| Tags: |
Adicionar Tag
Sem tags, seja o primeiro a adicionar uma tag!
|
MARC
| LEADER | 00000nam a22000007a 4500 | ||
|---|---|---|---|
| 008 | 150108b1988 aaaa| |||| 00| 0 spa d | ||
| 040 | |a CRU CIICLA | ||
| 090 | |a Ánalisis. Revista del Instituto de Investigación Científica de la Univesidad Nueva Salvador (UNSSA) | ||
| 100 | 2 | |a Lardé y Larín, Jorge | |
| 245 | 1 | 0 | |a Independencia de Centro América / |c por Jorge Lardé y Larín |
| 300 | |a 5-13 páginas | ||
| 520 | |a Trata sobre la independencia de Centroamérica, sobre el movimiento emacipador, y el movimiento para la autonomía e independencia. Detalla aspecto sobre el movimiento en los diferentes países de América Central, pero especialmente en El Salvador, donde existián dos tendencias políticas: la conservadora ó realista y la liberal -- Contenido: Conmoción emancipadora -- Tendencias políticas -- Ruptura del orden constitucional -- El Plan de Iguala -- Junta de Notables -- Advenimiento de la Independencia -- Estado soberano o provincias del Imperio -- Otros acuerdos de la Junta de Notables -- Monumento sagrado de nuestra libertad -- Contiene el: Acta de Independencia. | ||
| 650 | 1 | 4 | |a INDEPENDENCIA |
| 651 | 1 | 4 | |a AMERICA CENTRAL |
| 773 | 0 | |g Número 8(1988), páginas 5-13 |t Ánalisis. Revista del Instituto de Investigación Científica de la Univesidad Nueva Salvador (UNSSA) | |
| 942 | |2 ddc |c ARC | ||
| 999 | |c 3746 |d 3746 | ||
